| 000 | 00557nam a2200229Ia 4500 | ||
|---|---|---|---|
| 003 | OSt | ||
| 005 | 20220924142653.0 | ||
| 006 | a|||||r|||| 00| 0 | ||
| 007 | ta | ||
| 008 | ASM | ||
| 024 | _a302919 | ||
| 037 | _cTextual | ||
| 040 |
_aARTS _cARTS _bASM |
||
| 041 |
_2ASM _aASM |
||
| 082 | _aY:1.277.M36, 158L8 | ||
| 100 | _aBhattacharya | ||
| 245 | 0 | _aDerasha bachararu asamiya sanskriti abhumukee | |
| 260 | _c1978 | ||
| 650 | _aSOCIOLOGY | ||
| 942 |
_hY:1.277.M36, 158L8 _cTEXL _2CC |
||
| 999 |
_c451584 _d451584 |
||